Harry Potter Bunker Quiz Stats

Quiz Updated Apr 30, 2015

Challenge
Share
Tweet
Embed
Score 0/15 Timer 04:00
99 Plays Today
Question Answer % Correct
????
100%
????
84.4%
????
80.5%
????
76.6%
????
71.9%
????
69.4%
????
67.3%
????
53.3%
Question Answer % Correct
????
42.8%
????
36.3%
????
32.9%
????
25.5%
????
13.4%
????
11.3%
????
4.9%

You're not logged in!

Compare scores with friends on all Sporcle quizzes.
Sign Up with Email
OR
Log In

Sporcle TV

The Pottermasters take on the Harry Potter Bunker Quiz


Will the Pottermasters get all the answers in one try? Watch and find out!

You Might Also Like...

Show Comments

Extras

Top Quizzes Today


Score Distribution

Your Account Isn't Verified!

In order to create a playlist on Sporcle, you need to verify the email address you used during registration. Go to your Sporcle Settings to finish the process.